000 00398nam a2200145Ia 4500
005 20251222144814.0
008 251222s9999||||xx |||||||||||||| ||spa||
020 _a9789588642543
082 _a664/D68
100 _aDíaz Gómez, Jaime
245 0 _aProcesos Biológicos para el Tratamiento de Aguas Residuales
250 _a1ra. ed.
264 _bEdiciones Universidad de Boyacá
942 _cLIB
999 _c20206
_d20206